Kaohsiung Metro - All Stations - Statistics

General Stats
  • This quiz has been taken 21 times
  • The average score is 46 of 76
Answers on the Map
Answers color-coded by a green-red scale on the quiz's map according to % correct below.
 
Answer Stats
Answer % Correct
美麗島 Formosa Boulevard
100%
美麗島 Formosa Boulevard
100%
高雄車站 Kaohsiung Main Station
100%
左營/高鐵 Zuoying/THSR
100%
鳳山 Fongshan
92%
哈瑪星 Hamasen
92%
橋頭火車站 Ciaotou Station
83%
岡山車站 Gangshan Station
83%
巨蛋 Kaohsiung Arena
83%
小港 Siaogang
83%
衛武營 Weiwuying
83%
凹子底 Aozihdi
75%
中央公園 Central Park
75%
橋頭糖廠 Ciaotou Sugar Refinery
75%
大寮 Daliao
75%
鳳山國中 Fongshan Junior High School
75%
鼓山 Gushan
75%
後勁 Houjing
75%
高雄國際機場 Kaohsiung International Airport
75%
信義國小 Sinyi Elementary School
75%
草衙 Caoya
67%
前鎮之星 Cianjhen Star
67%
前金 Cianjin
67%
大東 Dadong
67%
生態園區 Ecological District
67%
光榮碼頭 Glory Pier
67%
愛河之心 Heart of Love River
67%
後驛 Houyi
67%
岡山高醫 Kaohsiung Medical University Gangshan Hospital
67%
美術館 Kaohsiung Museum of Fine Arts
67%
都會公園 Metropolitan Park
67%
科工館 Science and Technology Museum
67%
鹽埕埔 Yanchengpu
67%
前鎮高中 Cianjhen Senior High School
58%
駁二大義 Dayi Pier-2
58%
夢時代 Dream Mall
58%
凱旋 Kaisyuan
58%
凱旋中華 Kaisyuan Jhonghua
58%
真愛碼頭 Love Pier
58%
楠梓科技園區 Nanzih Technology Industrial Park
58%
油廠國小 Oil Refinery Elementary School
58%
三多商圈 Sanduo Shopping District
58%
獅甲 Shihjia
58%
世運 World Games
58%
五塊厝 Wukuaicuo
58%
青埔 Cingpu
50%
旅運中心 Cruise Terminal
50%
文化中心 Cultural Center
50%
衛生局 Department of Health
50%
鳳山西站 Fongshan West
50%
凱旋二聖 Kaisyuan Ersheng
50%
凱旋公園 Kaisyuan Park
50%
凱旋武昌 Kaisyuan Wuchang
50%
高雄展覽館 Kaohsiung Exhibition Center
50%
苓雅運動園區 Lingya Sports Park
50%
籬仔內 Lizihnei
50%
輕軌機廠 LRT Depot
50%
壽山公園 Shoushan Park
50%
軟體園區 Software Technology Park
50%
臺鐵美術館 TRA Museum of Fine Arts
50%
經貿園區 Commerce and Trade Park
42%
鼓山區公所 Gushan District Office
42%
凱旋瑞田 Kaisyuan Rueitian
42%
高雄高工 Kaohsiung Industrial High School
42%
聯合醫院 Kaohsiung Municipal United Hospital
42%
龍華國小 Longhua Elementary School
42%
內惟藝術中心 Neiwei Arts Center
42%
駁二蓬萊 Penglai Pier-2
42%
樹德家商 Shu-Te Home-Economics & Commercial High School
42%
聖功醫院 St. Joseph Hospital
42%
灣仔內 Wanzihnei
42%
五權國小 Wucyuan Elementary School
42%
大順民族 Dashun Minzu
33%
馬卡道 Makadao
33%
新上國小 Sinshang Elementary School
33%
文武聖殿 Wenwu Temple
33%
No matching quizzes found
Score Distribution
Percent of People with Each Score
Percentile by Number Answered
Your Score History
You have not taken this quiz